| 000 | 00481nam a22001697a 4500 | ||
|---|---|---|---|
| 999 |
_c5339 _d5339 |
||
| 003 | OSt | ||
| 005 | 20190103122952.0 | ||
| 008 | 190103b ||||| |||| 00| 0 eng d | ||
| 040 | _cDLC | ||
| 082 |
_a823.9 _bG643M |
||
| 100 | _aGonzales, Blackie | ||
| 245 |
_aMiracle On "No Name" Mountain / _cBy Blackie Gonzales. [Told By Lalitha Raichur] |
||
| 260 |
_aNew Mexico : _bSon Broadcasting, _cc1986. |
||
| 300 | _a135 p.: | ||
| 650 |
_aMiracle On Mountain _xTestimony |
||
| 942 |
_2ddc _cBK |
||